000 00953nam a22002417a 4500
999 _c8721
_d8721
003 AR-CdUCM
008 190325b ||||| |||| 00| 0 spa d
040 _aMUNICIPALIDAD PROVINCIAL DEL CUSCO
_cBIBLIOTECA MUNICIPAL DEL CUSCO
041 _heng
082 _a683.88 /
_bP78
100 _aPorter, Cliff
_924350
245 _aReparación basica de artefactos domesticas :
_bLavaplatos, eliminadores, de residuos, cocinas y hornos electricos /
260 _aBuenos Aires :
_bGlem,
_bAlianza para el progreso,
_c1974.
300 _a128 paginas ;
_bGraficos, ilustraciones, dibujos,
_c23 cm.
505 _aContenido: lavaplatos -- componentes mas importantes de los lapaplatos -- localizacion de fallas -- eliminadores de residuos
650 _aArtefactos
_924351
650 _aReparacion
_918247
650 _aEliminación de residuos
_924352
650 _aFallas
_924353
700 _aFerraresi, Jorge E.
_924354
942 _2ddc
_cLIBROS
945 _apjha